| 000 | 01035nam a22002177a 4500 | ||
|---|---|---|---|
| 005 | 20240813151942.0 | ||
| 010 | _aHIN-128130 | ||
| 020 |
_a9789392509209 _c750.00 |
||
| 035 | _aHN-100476 | ||
| 037 | _bDBAD | ||
| 082 | _a820.08 | ||
| 100 |
_aअजीत सिंह _969947 |
||
| 245 |
_aओमप्रकाश वाल्मीकि का साहित्यिक व सामाजिक अवदान/ _cअजीत सिंह; राम भरोसे द्वारा संपादित |
||
| 250 | _a1 | ||
| 260 |
_aनई दिल्ली _bसंजय प्रकाशन _c2022 |
||
| 270 |
_a4378/4 डी-209,जे.एम.डी. हाउस अंसारी रोड़ दरियागंज _bनई दिल्ली _e110002 _k011-23245808 _k011-41564415 _msanjayprakashan@yahoo.in |
||
| 300 |
_a244पृ. _c23सेमी(साजिल्द) |
||
| 700 |
_aभरोसे, राम _969291 |
||
| 942 |
_2ddc _cHN _h820.08 _mअजीत |
||
| 999 |
_c204726 _d204726 |
||